000 00698nam a2200205Ia 4500
003 GCL
008 140319s9999 xx 000 0 ara d
040 _aGCL /
_cGCL
082 0 4 _a214.3271
_bع ع
100 1 _aعبدالتواب مصطفى
245 1 0 _aالعلاقات الدولية والياسة الخارجية فى الأسلام /
_cعبدالتواب مصطفى
300 _a169
490 _aكتاب الملتقى
_v0
650 0 4 _aالاسلام
650 0 4 _aالاسلام والعلاقات الخارجية
650 0 4 _aالتاريخ الاسلامى
650 0 4 _aالتاريخ
650 0 4 _aالعلاقات الخارجية فى الاسلام
942 _2ddc
_cBK
999 _c42515
_d42515